| 000 | 00538nam a2200169 u 4500 | ||
|---|---|---|---|
| 005 | 20240802063700.0 | ||
| 008 | 070823s1980 mx r 000 0 spa d | ||
| 035 | _aUPN01000151280 | ||
| 049 | _aCG | ||
| 050 | 4 |
_aHM621 _bM4.3 |
|
| 100 | 1 | _aMezhúiev, V. | |
| 245 | 1 | 3 |
_aLa cultura y la historia : _b(el problema de la cultura en la teoría marxista de la filosofía y la historia) / _cV. Mezhúiev ; tr. María Regla. |
| 260 |
_aMoscú : _bProgreso, _c1980. |
||
| 300 | _a279 p. | ||
| 650 | 4 |
_aCultura _xFilosofía _9999 |
|
| 905 | _aLibro | ||
| 999 |
_c123418 _d123418 |
||